Fellowship Of The Ring 13: Many Meetings Quiz Stats

 Plays Quiz not verified by Sporcle

Also try: The Writer's Life
Challenge
Share
Tweet
Embed
Score 0/41 Timer 10:00
0 Plays Today
Hint Answer % Correct
Frodo Baggins
100%
Elrond
100%
Samwise Gamgee
100%
Peregrin Took
100%
Meriadoc Brandybuck
100%
Gandalf
97%
Bilbo Baggins
97%
Arwen Undomiel
93.9%
Aragorn
90.9%
Sauron
90.9%
Glorfindel
90.9%
Gloin
87.9%
Oin
78.8%
Thorin Oakenshield
75.8%
Dwalin
75.8%
Dori
75.8%
Nori
75.8%
Bifur
75.8%
Bofur
75.8%
Bombur
75.8%
Balin
75.8%
Hint Answer % Correct
Witch King
72.7%
Bill Ferny
72.7%
Ori
72.7%
Black Riders
66.7%
Bard The Bowman
66.7%
Dain Ironfoot
66.7%
Arathorn
63.6%
Elladan
63.6%
Elrohir
63.6%
Beorn
63.6%
Brand
63.6%
Luthien Tinuviel
60.6%
Barliman Butterbur
57.6%
Grimbeorn
57.6%
Bain
57.6%
Earendil
54.5%
Elwing
54.5%
Lindir
48.5%
Elbereth Gilthoniel
45.5%
Smaug
39.4%

You're not logged in!

Compare scores with friends on all Sporcle quizzes.
Join for Free
OR
Log In

You Might Also Like...

Show Comments

Extras

Top Quizzes Today


Score Distribution

Your Account Isn't Verified!

In order to create a playlist on Sporcle, you need to verify the email address you used during registration. Go to your Sporcle Settings to finish the process.

Report this User

Report this user for behavior that violates our Community Guidelines.

Details: